000 00404nam a2200133Ia 4500
005 20260328101523.0
008 260328s9999||||xx |||||||||||||| ||und||
100 _aMenéndez, Madeline
245 0 _aLa Casa habanera :
_b Tipología de la Arquitectura doméstica en el Centro Histórico /
_cMadeline Menéndez
260 _bCharo Guerra
300 _a110 p.
650 _aARQUITECTURA REGIONAL
942 _cBK
999 _c9680
_d9680